| 000 | 00582nam a22002177a 4500 | ||
|---|---|---|---|
| 003 | NUST | ||
| 005 | 20220317111422.0 | ||
| 008 | 220317b ||||| |||| 00| 0 eng d | ||
| 020 | _a9781439062036 | ||
| 022 | _29781439062036 | ||
| 038 | _aSAIF | ||
| 040 | _cNUST | ||
| 082 |
_a620.106 _bPOT |
||
| 100 |
_aPotter, MErle C. _93288 |
||
| 245 |
_aMechanics Of Fluids \ _bMerle C. Potter, David C. Wiggert & Bassem H. Ramadan |
||
| 250 | _a4th Ed. | ||
| 260 |
_aChange Learning _bUSA _c2012. |
||
| 300 |
_axix, 793p .; _bPaperback, _c28 cm. |
||
| 563 | _aH.B | ||
| 942 |
_2ddc _cBK |
||
| 999 |
_c588824 _d588824 |
||